[Event "Manila ol (Men)"]
[Site "Manila PHI"]
[Date "1992.??.??"]
[Round "?"]
[White "Thipsay, Praveen Mahadeo"]
[Black "Handoko, Edhi"]
[Result "1/2-1/2"]
[WhiteElo "2485"]
[BlackElo "2390"]
[PlyCount "120"]
[EventDate "1992.06.??"]
[Source "www.chesslib.no"]
[SourceDate "2004.05.04"]

1. e4 e5 2. Nf3 Nf6 3. Nxe5 d6 4. Nc4 Nxe4 5. Nc3 Nf6 6. d4 d5 7. Ne5 Be7 8. Bd3 Nbd7 9. O-O O-O 10. Re1 c5 11. Nf3 c4 12. Bf1 Bb4 13. Bd2 Bxc3 14. Bxc3 Ne4 15. Bb4 Re8 16. Nd2 Ndf6 17. Nxe4 Rxe4 18. f3 Rxe1 19. Qxe1 Bf5 20. Be7 Qb6 21. Qc3 Re8 22. Re1 Qc6 23. g4 Bg6 24. Re2 h5 25. g5 Ne4 26. Qa3 Qd7 27. fxe4 Rxe7 28. Bh3 Qd8 29. e5 Re8 30. Qg3 b5 31. a3 a5 32. c3 b4 33. axb4 axb4 34. cxb4 Qb6 35. Qc3 Bd3 36. Rf2 Ra8 37. Bf5 Ra1+ 38. Kg2 Rd1 39. e6 fxe6 40. Bxd3 Rxd3 41. Qe1 Rxd4 42. h3 Re4 43. Qd1 Qxb4 44. Qxh5 Qe7 45. g6 Qh4 46. Qxh4 Rxh4 47. Re2 Kf8 48. Rxe6 d4 49. Kg3 Rh5 50. Rc6 d3 51. Rxc4 Rg5+ 52. Kf3 Rxg6 53. Rd4 Rb6 54. b4 g5 55. Kf2 Ke7 56. Ke1 Rh6 57. Rxd3 Rh4 58. b5 g4 59. hxg4 Rxg4 60. Kd2 Rg5 1/2-1/2

[Event "FRA-ch"]
[Site "FRA"]
[Date "1991.??.??"]
[Round "2"]
[White "Seret, Jean Luc"]
[Black "Miralles, Gilles"]
[Result "1-0"]
[WhiteElo "2425"]
[BlackElo "2445"]
[PlyCount "75"]
[EventDate "1991.08.??"]
[Source "ChessBase"]

1. e4 e5 2. Nf3 Nf6 3. Nxe5 d6 4. Nc4 Nxe4 5. Qe2 Qe7 6. d3 Nf6 7. Bg5 Nbd7 8. Nc3 Qxe2+ 9. Bxe2 d5 10. Nb5 Kd8 11. Ne3 c6 12. Nd4 g6 13. O-O-O Kc7 14. c4 dxc4 15. dxc4 Ne4 16. Bf4+ Bd6 17. Nb5+ cxb5 18. Rxd6 g5 19. Re6+ gxf4 20. Nd5+ Kd8 21. Rxe4 bxc4 22. Rd1 f5 23. Rxc4 Re8 24. Nxf4 Re5 25. Bf3 Ke8 26. Rd6 Nf8 27. Rc7 Bd7 28. Nd5 Rb8 29. Nf6+ Ke7 30. Rdxd7+ Kxf6 31. Rf7+ Kg6 32. Rg7+ Kh6 33. Rxb7 Rc5+ 34. Kb1 Rbc8 35. a3 Rc2 36. Rg8 Rxf2 37. Rb4 f4 38. Rb5 1-0

[Event "IND-ch 39th"]
[Site "Nagpur"]
[Date "2002.01.25"]
[Round "10"]
[White "Thipsay, Praveen Mahadeo"]
[Black "Gokhale, CS."]
[Result "1/2-1/2"]
[WhiteElo "2456"]
[BlackElo "2407"]
[PlyCount "66"]
[EventDate "2002.01.16"]
[Source "ChessBase"]
[SourceDate "2002.03.14"]

1. e4 e5 2. Nf3 Nf6 3. Nxe5 d6 4. Nc4 Nxe4 5. Nc3 Nxc3 6. bxc3 Be7 7. d4 O-O 8. Bd3 d5 9. Ne3 c6 10. O-O Re8 11. c4 dxc4 12. Nxc4 Nd7 13. Bf4 Nf6 14. Ne5 Be6 15. c4 g6 16. Be2 Ne4 17. Bd3 Nf6 18. Be3 Qc8 19. Rb1 Ng4 20. Nxg4 Bxg4 21. Qb3 b6 22. d5 c5 23. h3 Bf5 24. Rbd1 Bd6 25. Rfe1 Bxh3 26. f3 Bf5 27. Bc1 Qd7 28. Qc3 Rxe1+ 29. Rxe1 Re8 30. Rxe8+ Qxe8 31. Bxf5 gxf5 32. Kf1 Qe5 33. Qxe5 Bxe5 1/2-1/2

[Event "Czestochowa"]
[Site "?"]
[Date "1998.??.??"]
[Round "9"]
[White "Jaracz Pawel"]
[Black "Weglarz Leszek"]
[Result "1/2-1/2"]
[WhiteElo "2465"]
[BlackElo "2395"]
[PlyCount "29"]
[EventDate "1998.??.??"]
[Source "www.chesslib.no"]
[SourceDate "2004.05.04"]

1. e4 e5 2. Nf3 Nf6 3. Nxe5 d6 4. Nc4 Nxe4 5. Qe2 Qe7 6. Ne3 c6 7. g3 d5 8. Bg2 Nd6 9. d4 Nd7 10. b3 Nf6 11. O-O Be6 12. Ba3 O-O-O 13. c4 Qd7 14. cxd5 Nxd5 15. Nxd5 1/2-1/2

[Event "Buenos Aires Najdorf Open"]
[Site "Buenos Aires ARG"]
[Date "1993.??.??"]
[Round "2"]
[White "Ricardi, Pablo"]
[Black "Garcia, Raimundo"]
[Result "1/2-1/2"]
[WhiteElo "2480"]
[BlackElo "2375"]
[PlyCount "105"]
[EventDate "1993.04.??"]
[Source "www.chesslib.no"]
[SourceDate "2004.05.04"]

1. e4 e5 2. Nf3 Nf6 3. Nxe5 d6 4. Nc4 Nxe4 5. Nc3 Nf6 6. d4 Be7 7. h3 O-O 8. Bd3 d5 9. Ne5 c5 10. dxc5 Bxc5 11. O-O Nc6 12. Nxc6 bxc6 13. Bg5 h6 14. Bh4 Bd6 15. Qf3 Rb8 16. Ne2 Rb4 17. Bxf6 Qxf6 18. Qxf6 gxf6 19. Rab1 c5 20. Nc3 Be6 21. Rfd1 Rd8 22. b3 Be7 23. Be2 d4 24. Ne4 Bf5 25. Bd3 Bxe4 26. Bxe4 Rbb8 27. Bd3 Bd6 28. Re1 Re8 29. a4 Kf8 30. Bb5 Re5 31. g3 Rb7 32. f4 Rxe1+ 33. Rxe1 Re7 34. Kf2 Rxe1 35. Kxe1 Bc7 36. Ke2 Ba5 37. Kf3 Be1 38. g4 a5 39. Ke4 Ke7 40. Kd5 Bb4 41. Kc6 Ba3 42. Bc4 Bb4 43. Kd5 Ba3 44. Ke4 Bc1 45. Kf5 Bd2 46. Be2 Be1 47. g5 fxg5 48. fxg5 hxg5 49. Kxg5 Kf8 50. Kf6 Bh4+ 51. Ke5 Be1 52. Kd5 Bb4 53. h4 1/2-1/2

[Event "Oberliga Ost-B 9900"]
[Site "?"]
[Date "2000.01.29"]
[Round "6.2"]
[White "Nedela Vlastimil"]
[Black "Balogh Tomas"]
[Result "1/2-1/2"]
[WhiteElo "2405"]
[BlackElo "2447"]
[PlyCount "99"]
[EventDate "2000.??.??"]
[Source "www.chesslib.no"]
[SourceDate "2004.05.04"]

1. e4 e5 2. Nf3 Nf6 3. Nxe5 d6 4. Nc4 Nxe4 5. Qe2 Qe7 6. d3 Nf6 7. Bg5 Nbd7 8. Nc3 Qxe2+ 9. Bxe2 Be7 10. Bf3 h6 11. Bd2 Nc5 12. O-O-O Ne6 13. Na5 Rb8 14. Be3 a6 15. h4 Nd8 16. d4 b6 17. Nb3 Bg4 18. Bxg4 Nxg4 19. Rde1 Kd7 20. Nd5 Re8 21. Nxe7 Rxe7 22. d5 c5 23. dxc6+ Nxc6 24. Bd4 Rxe1+ 25. Rxe1 Nxd4 26. Nxd4 g6 27. f3 Ne5 28. b3 b5 29. Kd2 Rc8 30. c3 Nc6 31. Nc2 d5 32. Kd3 Kd6 33. Nd4 Nxd4 34. Kxd4 f6 35. Re2 a5 36. g4 g5 37. h5 a4 38. f4 axb3 39. axb3 b4 40. fxg5 fxg5 41. c4 dxc4 42. bxc4 b3 43. Kc3 Rf8 44. Kxb3 Rf4 45. Kb4 Rxg4 46. Ra2 Rh4 47. Ra6+ Ke5 48. Rxh6 g4 49. Kb5 g3 50. Rg6 1/2-1/2

[Event "ITA Ch 35th"]
[Site "Castelvecchio Pascoli"]
[Date "1974.??.??"]
[Round "10"]
[White "Mariotti, Sergio"]
[Black "Toth, Bela"]
[Result "1/2-1/2"]
[WhiteElo "2465"]
[BlackElo "2385"]
[PlyCount "35"]
[EventDate "1974.10.??"]
[Source "www.chesslib.no"]
[SourceDate "2004.05.04"]

1. e4 e5 2. Nf3 Nf6 3. Nxe5 d6 4. Nc4 Nxe4 5. Nc3 Nxc3 6. dxc3 d5 7. Ne3 c6 8. Bd3 Nd7 9. O-O Nf6 10. Nf5 Bxf5 11. Bxf5 Be7 12. Re1 O-O 13. Bg5 Re8 14. Qf3 Nd7 15. Bxe7 Rxe7 16. Rxe7 Qxe7 17. Bxd7 Qxd7 18. Qe3 1/2-1/2

[Event "Tch (Men) 2005/2006 CZE"]
[Site "?"]
[Date "2006.03.26"]
[Round "11"]
[White "Vokac Marek"]
[Black "Spacek Petr"]
[Result "1/2-1/2"]
[WhiteElo "2449"]
[BlackElo "2399"]
[PlyCount "134"]
[EventDate "2006.??.??"]
[Source "www.chesslib.no"]
[SourceDate "2004.05.04"]

1. e4 e5 2. Nf3 Nf6 3. Nxe5 d6 4. Nc4 Nxe4 5. Qe2 Qe7 6. d4 Nc6 7. c3 d5 8. Ne3 Be6 9. Nd2 Nxd2 10. Bxd2 Qd7 11. g3 Be7 12. Bg2 O-O 13. O-O a6 14. f4 f5 15. Rae1 Rf6 16. Qf3 Rd8 17. Re2 Bf8 18. h3 Rg6 19. Qf2 Ne7 20. Bf3 c6 21. Ng2 Nc8 22. Ne1 Rh6 23. Qg2 Nd6 24. Nd3 Ne4 25. Ne5 Qe8 26. g4 Bc8 27. g5 Re6 28. h4 c5 29. Be3 c4 30. Qh3 Bd6 31. Rg2 b5 32. h5 Bxe5 33. dxe5 Rc6 34. Bd4 Be6 35. Bd1 a5 36. h6 g6 37. Qe3 Rb8 38. a3 Qe7 39. Bc2 Rf8 40. Rd1 Qc7 41. Qe1 Qe7 42. Be3 Qb7 43. Bd4 Qe7 44. Qe3 Qc7 45. Ra1 a4 46. Rd1 Rf7 47. Rc1 Rf8 48. Bd1 Rc8 49. Bf3 Rf8 50. Rd1 Rf7 51. Kh2 Rf8 52. Qg1 Rf7 53. Be3 Rf8 54. Re2 Kh8 55. Qg2 Kg8 56. Ree1 Qf7 57. Kh1 Qc7 58. Rd4 Qf7 59. Rdd1 Qc7 60. Qg1 Kh8 61. Bd4 Kg8 62. Bg2 Ng3+ 63. Kh2 Ne4 64. Bh3 Rf7 65. Be3 Rf8 66. Bd4 Rf7 67. Re2 Rf8 1/2-1/2

[Event "Asia-chn Men"]
[Site "?"]
[Date "1998.08.25"]
[Round "9"]
[White "Thipsay Praveen Mahadeo"]
[Black "Aliev Kerim"]
[Result "1-0"]
[WhiteElo "2450"]
[BlackElo "2385"]
[PlyCount "83"]
[EventDate "1998.??.??"]
[Source "www.chesslib.no"]
[SourceDate "2004.05.04"]

1. e4 e5 2. Nf3 Nf6 3. Nxe5 d6 4. Nc4 Nxe4 5. Nc3 Nf6 6. d4 Be7 7. Be2 O-O 8. O-O Nbd7 9. Bf4 Nb6 10. Ne3 Re8 11. Bd3 Bf8 12. Qf3 c6 13. Bg5 Be7 14. Rae1 g6 15. Re2 Be6 16. Rfe1 Nbd7 17. h3 Qa5 18. Bxf6 Nxf6 19. d5 cxd5 20. Nb5 Ne4 21. Nxd5 Bxd5 22. Bxe4 Bxe4 23. Rxe4 Kf8 24. Rxe7 Rxe7 25. Rxe7 Kxe7 26. Qxb7+ Kf6 27. Qxa8 Qe1+ 28. Kh2 Qe5+ 29. g3 Qxb5 30. Qh8+ Ke7 31. Qd4 a5 32. a4 Qc6 33. c3 h5 34. Qa7+ Kf8 35. Qxa5 Qf3 36. Qd8+ Kg7 37. Qb6 h4 38. Qd4+ f6 39. gxh4 Qb7 40. b4 d5 41. a5 Qc7+ 42. Kg2 1-0

[Event "Naleczow"]
[Site "Naleczow"]
[Date "1988.??.??"]
[Round "12"]
[White "Palkovi, Jozsef"]
[Black "Pandavos, Emanouel"]
[Result "1/2-1/2"]
[WhiteElo "2425"]
[BlackElo "2410"]
[PlyCount "142"]
[EventDate "1988.07.??"]
[Source "www.chesslib.no"]
[SourceDate "2004.05.04"]

1. e4 e5 2. Nf3 Nf6 3. Nxe5 d6 4. Nc4 Nxe4 5. Qe2 Qe7 6. Ne3 Nf6 7. b3 Be6 8. g3 c6 9. Bg2 g6 10. Bb2 Bg7 11. c4 O-O 12. d4 Re8 13. O-O Qd7 14. Nc3 Na6 15. Qf3 Nc7 16. Ne2 d5 17. Nf4 Ne4 18. Nxe6 Rxe6 19. Rad1 Rae8 20. Nc2 Bh6 21. Qd3 b5 22. cxb5 cxb5 23. Bc1 Bg7 24. Be3 f5 25. f3 Nd6 26. Bf4 R6e7 27. Rfe1 a6 28. Rxe7 Rxe7 29. Re1 Rxe1+ 30. Nxe1 Ne6 31. Be5 Nf7 32. f4 Nd6 33. Nf3 Qc6 34. Bf1 Ne4 35. Kg2 Qc1 36. a4 Qb2+ 37. Qe2 Qxb3 38. axb5 Nc3 39. Qe3 Qb2+ 40. Kh3 axb5 41. Bxg7 Nxg7 42. Qe7 h6 43. Ne5 Ne2 44. Qf7+ Kh8 45. Bxe2 Qxe2 46. Qxg6 Qh5+ 47. Qxh5 Nxh5 48. Nc6 Kg7 49. Ne7 b4 50. Nxf5+ Kf7 51. Ne3 Nf6 52. Kg2 b3 53. Nd1 Ne4 54. Kf3 Nd2+ 55. Ke2 Ne4 56. Kd3 Ke6 57. Ne3 h5 58. Ng2 Nf2+ 59. Kc3 Ng4 60. h3 Nf2 61. Kxb3 Nxh3 62. Ne3 Nf2 63. Kc2 Ne4 64. Nf1 Kf5 65. Kd3 Kg4 66. Ke3 Nf6 67. Kf2 Ne4+ 68. Kg2 Nxg3 69. Nxg3 Kxf4 70. Kf2 h4 71. Ne2+ Ke4 1/2-1/2

[Event "Ufa"]
[Site "Ufa"]
[Date "1993.??.??"]
[Round "?"]
[White "Fedorov, Alexei"]
[Black "Bezgodov, Alexei"]
[Result "1/2-1/2"]
[WhiteElo "2490"]
[BlackElo "2345"]
[PlyCount "89"]
[EventDate "1993.??.??"]
[Source "ChessBase"]

1. e4 e5 2. Nf3 Nf6 3. Nxe5 d6 4. Nc4 Nxe4 5. Nc3 Nxc3 6. bxc3 Be7 7. d4 O-O 8. Bd3 Nd7 9. O-O Nb6 10. Ne3 d5 11. Rb1 Re8 12. f4 c5 13. Qh5 g6 14. Qf3 c4 15. Be2 f5 16. g4 Be6 17. gxf5 gxf5 18. Qh3 Kh8 19. Kh1 Rg8 20. Bd2 Qd7 21. Rg1 Bf6 22. Bf3 Raf8 23. Qh5 Rg7 24. Qh6 Nc8 25. Rg2 Ne7 26. Rbg1 Ng8 27. Qh3 b5 28. Be1 b4 29. Bh4 Rxg2 30. Bxf6+ Nxf6 31. Rxg2 bxc3 32. Qh4 Qe7 33. Rg5 Ng8 34. Qh3 Qf7 35. Qg3 Qf6 36. Bxd5 Qxd4 37. Bxe6 Qe4+ 38. Ng2 Qxe6 39. Qxc3+ Nf6 40. Rg3 h6 41. Re3 Qd5 42. Re5 Qd1+ 43. Re1 Qd5 44. Re5 Qd1+ 45. Re1 1/2-1/2

[Event "FIN-chT 9899"]
[Site "?"]
[Date "1999.??.??"]
[Round "6"]
[White "Sepp Olav"]
[Black "Liiva Riho"]
[Result "1-0"]
[WhiteElo "2397"]
[BlackElo "2437"]
[PlyCount "99"]
[EventDate "1999.??.??"]
[Source "www.chesslib.no"]
[SourceDate "2004.05.04"]

1. e4 e5 2. Nf3 Nf6 3. Nxe5 d6 4. Nc4 Nxe4 5. Qe2 Qe7 6. Ne3 Nf6 7. g3 Bd7 8. Bg2 Bc6 9. f3 g6 10. O-O Bg7 11. Re1 O-O 12. d4 Re8 13. c4 d5 14. c5 b6 15. cxb6 axb6 16. Nc3 Bb7 17. Qf2 Qd7 18. Nc2 Nc6 19. Bf4 Ba6 20. Qd2 Rxe1+ 21. Rxe1 Nh5 22. Bg5 Re8 23. Rxe8+ Qxe8 24. g4 Nxd4 25. Nb4 Ne6 26. Nxa6 Nxg5 27. gxh5 d4 28. Nd5 c6 29. h6 cxd5 30. hxg7 Qe3+ 31. Qxe3 dxe3 32. f4 Ne6 33. Bxd5 Nxf4 34. Bc4 Kxg7 35. Nb4 Kf8 36. Nd5 Nxd5 37. Bxd5 f5 38. Kg2 f4 39. Be4 Ke7 40. Kf3 Kd6 41. Bd3 Ke5 42. a4 Kd4 43. Be2 g5 44. b4 Kd5 45. h4 h6 46. hxg5 hxg5 47. Kg4 Ke4 48. a5 bxa5 49. bxa5 Kd5 50. Kxg5 1-0

[Event "Extraliga CZE"]
[Site "?"]
[Date "1999.10.23"]
[Round "1"]
[White "Rasik Vitezslav"]
[Black "Neumann Peter"]
[Result "0-1"]
[WhiteElo "2442"]
[BlackElo "2384"]
[PlyCount "67"]
[EventDate "1999.??.??"]
[Source "www.chesslib.no"]
[SourceDate "2004.05.04"]

1. e4 e5 2. Nf3 Nf6 3. Nxe5 d6 4. Nc4 Nxe4 5. Qe2 Qe7 6. d3 Nf6 7. Bg5 Qxe2+ 8. Bxe2 Nbd7 9. Nc3 d5 10. Nb5 Kd8 11. Ne3 c6 12. Nd4 h6 13. Bh4 g6 14. O-O Be7 15. Bg3 Nf8 16. c4 Ne6 17. Nf3 dxc4 18. d4 Ne4 19. Bxc4 Nxg3 20. fxg3 Bd6 21. Kh1 Bd7 22. Rad1 Kc7 23. d5 Nd8 24. dxc6 Bxc6 25. Nd4 Rh7 26. Nd5+ Bxd5 27. Bxd5 a6 28. a3 Be5 29. b4 Rc8 30. Rfe1 f6 31. Nf3 Re7 32. Nxe5 Rxe5 33. Rf1 f5 34. a4 0-1

[Event "URS Spartakiad"]
[Site "URS"]
[Date "1979.??.??"]
[Round "?"]
[White "Mnatsakanian, Eduard A"]
[Black "Butnorius, Algimantas"]
[Result "1-0"]
[WhiteElo "2425"]
[BlackElo "2400"]
[PlyCount "81"]
[EventDate "1979.??.??"]
[Source "ChessBase"]

1. e4 e5 2. Nf3 Nf6 3. Nxe5 d6 4. Nc4 Nxe4 5. Qe2 Qe7 6. Ne3 Nf6 7. d4 Nc6 8. c3 g6 9. g3 Bg7 10. Bg2 O-O 11. h3 Re8 12. O-O Qd8 13. Qd3 Ne7 14. Nd2 Nf5 15. Ndc4 c6 16. Qd1 Nxe3 17. Nxe3 d5 18. Ng4 Bxg4 19. hxg4 Qd7 20. Bf3 Ne4 21. Kg2 Re7 22. g5 Rae8 23. Bf4 f6 24. gxf6 Bxf6 25. Bg4 Qd8 26. Qd3 h5 27. Bd1 Rg7 28. Re1 g5 29. Be3 g4 30. Bb3 Kh8 31. c4 Bg5 32. cxd5 cxd5 33. Qb5 Bxe3 34. Rxe3 Rf8 35. Qxd5 Qxd5 36. Bxd5 Nxf2 37. Rf1 Rd8 38. Re5 Nd3 39. Rxh5+ Rh7 40. Rxh7+ Kxh7 41. Be4+ 1-0

[Event "Kuban Spring"]
[Site "?"]
[Date "2002.04.??"]
[Round "?"]
[White "Panarin Michail"]
[Black "Bryzgalin Kirill"]
[Result "1/2-1/2"]
[WhiteElo "2426"]
[BlackElo "2396"]
[PlyCount "20"]
[EventDate "2002.??.??"]
[Source "www.chesslib.no"]
[SourceDate "2004.05.04"]

1. e4 e5 2. Nf3 Nf6 3. Nxe5 d6 4. Nc4 Nxe4 5. Qe2 Qe7 6. d3 Nf6 7. Bg5 Nbd7 8. Nc3 Qxe2+ 9. Bxe2 Be7 10. O-O-O h6 1/2-1/2

[Event "Vienna Open"]
[Site "Vienna AUT"]
[Date "1994.??.??"]
[Round "2"]
[White "Kengis, Edvins"]
[Black "Fassl, Erich"]
[Result "1-0"]
[WhiteElo "2565"]
[BlackElo "2255"]
[PlyCount "59"]
[EventDate "1994.10.??"]
[Source "www.chesslib.no"]
[SourceDate "2004.05.04"]

1. e4 e5 2. Nf3 Nf6 3. Nxe5 d6 4. Nc4 Nxe4 5. Qe2 Qe7 6. Ne3 Be6 7. d4 d5 8. Nd2 Nd6 9. g3 Nd7 10. Bg2 Nf6 11. O-O O-O-O 12. Re1 c6 13. b3 g6 14. c4 Bg7 15. Ba3 Rhe8 16. Nxd5 Nxd5 17. cxd5 cxd5 18. Nf3 Kb8 19. Ne5 Qc7 20. Rac1 Qa5 21. Bc5 f6 22. Nd3 Qa6 23. Qd2 Bf7 24. Nb4 Qb5 25. Qf4 Rxe1+ 26. Rxe1 Qd7 27. Bxd5 Bxd5 28. Nxd5 b6 29. Re7 Qc6 30. Nb4 1-0

[Event "JUG Team Ch"]
[Site "Nis YUG"]
[Date "1994.??.??"]
[Round "?"]
[White "Martinovic, Slobodan"]
[Black "Petronijevic, Zoran"]
[Result "1/2-1/2"]
[WhiteElo "2465"]
[BlackElo "2345"]
[PlyCount "103"]
[EventDate "1994.10.??"]
[Source "www.chesslib.no"]
[SourceDate "2004.05.04"]

1. e4 e5 2. Nf3 Nf6 3. Nxe5 d6 4. Nc4 Nxe4 5. Ne3 d5 6. d4 Be6 7. g3 Bd6 8. Bg2 O-O 9. O-O f5 10. c4 dxc4 11. d5 Bd7 12. Nxc4 Bb5 13. Qb3 a6 14. Be3 Nd7 15. Rd1 Nec5 16. Bxc5 Nxc5 17. Qc2 Bxc4 18. Qxc4 f4 19. Nc3 fxg3 20. hxg3 Qg5 21. Rf1 Qh5 22. Rae1 Rae8 23. b4 Nd7 24. Rxe8 Rxe8 25. Ne4 Ne5 26. Qb3 Rf8 27. f3 b5 28. a3 Nc4 29. f4 Kh8 30. Qd3 Qf5 31. Rf2 a5 32. a4 axb4 33. axb5 Nb6 34. Rd2 Be7 35. Qd4 Rd8 36. Nf2 Na4 37. Be4 Qf8 38. Kg2 Nc3 39. Bf3 Nxb5 40. Qc4 Rb8 41. Ng4 Bd6 42. Rd1 Na3 43. Qd3 g6 44. Rh1 Qg7 45. Be4 Rg8 46. Nf2 Bc5 47. Ng4 Bd6 48. Rh2 Qb2+ 49. Kf3 Qg7 50. Kg2 Qb2+ 51. Kf3 Qg7 52. Kg2 1/2-1/2

[Event "EU-chT (Men)"]
[Site "Batumi"]
[Date "1999.12.06"]
[Round "8.2"]
[White "Zapolskis, Antanas"]
[Black "Dutreeuw, Marc"]
[Result "1-0"]
[WhiteElo "2399"]
[BlackElo "2394"]
[PlyCount "81"]
[EventDate "1999.11.06"]
[Source "ChessBase"]
[SourceDate "2000.02.01"]

1. e4 e5 2. Nf3 Nf6 3. Nxe5 d6 4. Nc4 Nxe4 5. Nc3 Nxc3 6. dxc3 d5 7. Ne3 Be6 8. Bd3 g6 9. Qe2 Qe7 10. O-O Nd7 11. Re1 Nc5 12. Bd2 O-O-O 13. b4 Nxd3 14. cxd3 Qh4 15. Nf1 Bg7 16. d4 Rhe8 17. Qb5 Qe7 18. Bf4 g5 19. Be5 f6 20. Bg3 Qd7 21. Qa5 Kb8 22. b5 b6 23. Qb4 Bf8 24. Qb3 Bf5 25. Rxe8 Rxe8 26. Ne3 Be6 27. a4 h5 28. h3 h4 29. Bh2 Bd6 30. Bxd6 Qxd6 31. a5 Bc8 32. axb6 axb6 33. Qc2 Be6 34. Rd1 Qf4 35. c4 dxc4 36. d5 Bg8 37. Nxc4 Re4 38. Nxb6 cxb6 39. Qc6 Ka7 40. d6 Be6 41. Qc7+ 1-0

[Event "Bad Wiessee (28.11.-06.12)"]
[Site "?"]
[Date "1998.12.01"]
[Round "4"]
[White "Jaracz Pawel"]
[Black "Lisko Frantisek"]
[Result "1-0"]
[WhiteElo "2465"]
[BlackElo "2320"]
[PlyCount "59"]
[EventDate "1998.??.??"]
[Source "www.chesslib.no"]
[SourceDate "2004.05.04"]

1. e4 e5 2. Nf3 Nf6 3. Nxe5 d6 4. Nc4 Nxe4 5. Qe2 Qe7 6. Ne3 c6 7. c4 g6 8. g3 Bg7 9. Bg2 O-O 10. O-O Nc5 11. Nc3 a5 12. Rd1 Nba6 13. d4 Ne6 14. Nc2 Nb4 15. Ne1 Qd8 16. Be3 Nc7 17. a3 Nba6 18. Na4 Ne8 19. c5 d5 20. Nb6 Ra7 21. b4 Nac7 22. Qd2 a4 23. Nd3 Na8 24. Nxc8 Qxc8 25. b5 b6 26. Rac1 bxc5 27. Rxc5 Rc7 28. bxc6 Nb6 29. Nb4 Nc4 30. Qe1 1-0

[Event "Buenos Aires"]
[Site "Buenos Aires ARG"]
[Date "1981.??.??"]
[Round "?"]
[White "Franco Ocampos, Zenon"]
[Black "Szmetan, Jorge"]
[Result "1-0"]
[WhiteElo "2380"]
[BlackElo "2405"]
[PlyCount "61"]
[EventDate "1981.??.??"]
[Source "www.chesslib.no"]
[SourceDate "2004.05.04"]

1. e4 e5 2. Nf3 Nf6 3. Nxe5 d6 4. Nc4 Nxe4 5. Nc3 Nxc3 6. bxc3 d5 7. Ne3 Be7 8. d4 c6 9. Bd3 O-O 10. O-O Re8 11. c4 Be6 12. cxd5 cxd5 13. Rb1 b6 14. f4 Nc6 15. Bb5 Qd6 16. f5 Bd7 17. Ng4 Bf6 18. Kh1 Re4 19. Bd3 Rae8 20. Bxe4 Rxe4 21. c3 Ne7 22. Nxf6+ Qxf6 23. Ba3 Bxf5 24. Qf3 Bg6 25. Qxf6 gxf6 26. Rbe1 Nc6 27. Rxe4 Bxe4 28. Rxf6 Na5 29. Bc1 Kg7 30. Rd6 Nc4 31. Bh6+ 1-0

[Event "Pinar del Rio zt"]
[Site "Pinar del Rio"]
[Date "1990.??.??"]
[Round "3"]
[White "Paneque, Pedro"]
[Black "Hernandez, Gilberto"]
[Result "1-0"]
[WhiteElo "2380"]
[BlackElo "2395"]
[PlyCount "97"]
[EventDate "1990.??.??"]
[Source "www.chesslib.no"]
[SourceDate "2004.05.04"]

1. e4 e5 2. Nf3 Nf6 3. Nxe5 d6 4. Nc4 Nxe4 5. Qe2 Qe7 6. Ne3 Be6 7. g3 c6 8. c4 g6 9. Bg2 f5 10. Nc3 Nxc3 11. bxc3 Bg7 12. Rb1 O-O 13. O-O Qc7 14. d4 Nd7 15. Nd5 Bxd5 16. cxd5 Rfe8 17. Qb2 Nb6 18. dxc6 bxc6 19. Bf4 Qd7 20. a4 Re7 21. Qb4 d5 22. Bd6 Re6 23. Bc5 Bf8 24. Rfd1 Qc8 25. Bf1 Nd7 26. Bxf8 Nxf8 27. c4 Qd7 28. Rdc1 Rd8 29. cxd5 cxd5 30. Qa5 Re7 31. Bg2 Ne6 32. Rb4 Qd6 33. Rd1 Ng5 34. Qc5 Ne4 35. Qxd6 Rxd6 36. Rc1 Kf7 37. Rb5 Ke6 38. f3 Nd2 39. Rc2 Nc4 40. f4 Red7 41. Kf2 Ra6 42. Re2+ Kf6 43. Ra2 Ke6 44. a5 Rad6 45. Ke2 a6 46. Rc5 Re7 47. Kd3 Kd7 48. Bxd5 Ne3 49. Bf3 1-0

[Event "Kecskemet"]
[Site "Kecskemet"]
[Date "1991.??.??"]
[Round "10"]
[White "Siklosi, Zoltan"]
[Black "Mathe, Gaspar"]
[Result "0-1"]
[WhiteElo "2365"]
[BlackElo "2405"]
[PlyCount "84"]
[EventDate "1991.04.??"]
[Source "ChessBase"]

1. e4 e5 2. Nf3 Nf6 3. Nxe5 d6 4. Nc4 Nxe4 5. Nc3 Nf6 6. d4 d5 7. Ne5 Bf5 8. g4 Be6 9. f4 Nfd7 10. Nd3 Qh4+ 11. Nf2 g6 12. Qf3 Nc6 13. Be3 Nb6 14. O-O-O h5 15. h3 O-O-O 16. Rg1 Qf6 17. Be2 Bb4 18. Nb1 Rde8 19. Nd3 Bd7 20. Ne5 hxg4 21. hxg4 Qe7 22. a3 Bd6 23. Bd3 g5 24. fxg5 Nxe5 25. dxe5 Bxe5 26. Bd2 Na4 27. c3 Nc5 28. Qxd5 Bc6 29. Bf5+ Kb8 30. Qc4 Ba4 31. Bc2 Bxc2 32. Kxc2 Qd6 33. b4 Qg6+ 34. Kb2 Na4+ 35. Kb3 a6 36. Rh1 Rxh1 37. Rxh1 b5 38. Qe2 Qe6+ 39. c4 Nb6 40. Rh6 Qd7 41. cxb5 Qd5+ 42. Kc2 Qa2+ 0-1

[Event "JUG-chT2"]
[Site "Tivat"]
[Date "1995.??.??"]
[Round "4"]
[White "Velickovic, Sasa"]
[Black "Vukanovic, Sasa"]
[Result "1/2-1/2"]
[WhiteElo "2400"]
[BlackElo "2365"]
[PlyCount "77"]
[EventDate "1995.??.??"]
[Source "www.chesslib.no"]
[SourceDate "2004.05.04"]

1. e4 e5 2. Nf3 Nf6 3. Nxe5 d6 4. Nc4 Nxe4 5. Nc3 Nxc3 6. bxc3 d5 7. Ne3 c6 8. d4 Nd7 9. Bd3 Nf6 10. O-O Be7 11. Re1 O-O 12. Nf5 Bxf5 13. Bxf5 Re8 14. a4 Qc7 15. g3 Bd6 16. Be3 Ne4 17. Qd3 g6 18. Bh3 Rad8 19. Rab1 Be7 20. c4 Bf6 21. c5 Bg5 22. Bg2 Qa5 23. Bxg5 Nxg5 24. Rxe8+ Rxe8 25. h4 Ne4 26. Bxe4 dxe4 27. Qe3 b6 28. cxb6 axb6 29. c3 c5 30. dxc5 bxc5 31. Rb5 Qxa4 32. Rxc5 h5 33. Kg2 Qd7 34. c4 Qd3 35. Qxd3 exd3 36. Rd5 Rc8 37. c5 d2 38. Rxd2 Rxc5 39. Rd3 1/2-1/2

[Event "otb"]
[Site "otb"]
[Date "2007.05.19"]
[Round "3"]
[White "Zelcic Robert"]
[Black "Truta Srecko"]
[Result "1-0"]
[WhiteElo "2554"]
[BlackElo "2206"]
[PlyCount "107"]
[Source "www.chesslib.no"]
[SourceDate "2004.05.04"]

1. e4 e5 2. Nf3 Nf6 3. Nxe5 d6 4. Nc4 Nxe4 5. Qe2 Qe7 6. Ne3 c6 7. c4 g6 8. d3 Nf6 9. Nc3 Bg7 10. g3 O-O 11. Bg2 Re8 12. O-O Na6 13. Qd1 Nc7 14. d4 d5 15. cxd5 Ncxd5 16. Nexd5 Nxd5 17. Nxd5 cxd5 18. Be3 Qb4 19. Bxd5 Bh3 20. Re1 Rad8 21. Qf3 Be6 22. Bxb7 Bxd4 23. Bc6 Rf8 24. Bh6 Bg7 25. Bxg7 Kxg7 26. b3 Rd2 27. Qe3 Qd6 28. Bg2 Rc8 29. Re2 Rcc2 30. Rxd2 Rxd2 31. Qxa7 Qe5 32. Rf1 Qb2 33. Qc7 Qd4 34. Qa5 Rc2 35. h4 Bf5 36. Qd5 Qxd5 37. Bxd5 Rxa2 38. Re1 Kf6 39. Re3 Rb2 40. Bc4 h5 41. f4 Be6 42. Bxe6 fxe6 43. Kf1 Kf5 44. Ke1 Kg4 45. Kd1 Kh3 46. Kc1 Ra2 47. b4 Ra6 48. b5 Rb6 49. Rb3 Kg4 50. Kb2 Kf5 51. Kc3 e5 52. fxe5 Kxe5 53. Kc4 Kd6 54. Ra3 1-0

[Event "Niksic"]
[Site "?"]
[Date "1996.??.??"]
[Round "?"]
[White "Nikac Predrag"]
[Black "Brenjo Slavisa"]
[Result "1/2-1/2"]
[WhiteElo "2326"]
[BlackElo "2432"]
[PlyCount "81"]
[EventDate "1996.??.??"]
[Source "www.chesslib.no"]
[SourceDate "2004.05.04"]

1. e4 e5 2. Nf3 Nf6 3. Nxe5 d6 4. Nc4 Nxe4 5. d3 Nf6 6. d4 d5 7. Ne3 Bd6 8. Bd3 O-O 9. O-O Re8 10. Nd2 c5 11. dxc5 Bxc5 12. Nb3 Bb6 13. c4 d4 14. Nf5 Bxf5 15. Bxf5 Nc6 16. Bf4 Bc7 17. Qf3 Bxf4 18. Qxf4 Nh5 19. Qd2 g6 20. Bg4 Nf6 21. Bf3 Ne5 22. Bxb7 Rb8 23. Bd5 Nxd5 24. cxd5 d3 25. f4 Qb6+ 26. Qf2 Nc4 27. Qxb6 axb6 28. Rfd1 Re3 29. Rab1 Rd8 30. Nd2 Nxd2 31. Rxd2 Rxd5 32. Kf2 Re4 33. g3 Re8 34. Rc1 Ra8 35. a3 b5 36. Rc3 Rad8 37. Ke3 Re8+ 38. Kf3 Red8 39. Ke3 Re8+ 40. Kf3 Red8 41. Ke3 1/2-1/2